000 00702nas a2200217 4500
001 BR8404838
003 BR-BrBNA
005 20231205090008.0
007 ta
008 230509b bl.|||p| |||| 00| 00por d
040 _aBR-BrBNA
_bpor
_cBiblioteca Nacional de Agricultura
041 _a(Pt)
072 _aL01
100 1 _aRibas, J.F. de L.
245 1 _aEscargots; mercado aberto; a criacao de caracois apresenta otimas perspectivas, pois a demanda tende a crescer, inclusive no exterior
650 _aESCARGOT
650 _aCRIACAO
773 0 _tGranja (Brazil)
_xISSN 0367-505X
_g(Mar 1984), v. 40(434) p. 34-35
_wBR8404838
909 _a202311
_bLúcia
_c55
_dLúcia Elande
942 _2AGRIS
_n0
_cANA
999 _c115364
_d115364